CHP üye kayıtlarının merkezde toplanma projesi 1978 (Record no. 383)

MARC details
000 -BAŞLIK
Sabit Uzunlukta Kontrol Alanı 01184na a2200313 4500
001 - KONTROL NUMARASI
Denetim Alanı 21307
003 - KONTROL NUMARASI IDENTIFIER
Denetim Alanı MIRAKIL
005 - SON İŞLEM TARİHİ VE ZAMANI
Denetim Alanı 20181213154747.0
008 - SABİT-BOY VERİ ELEMANLARI - GENEL BİLGİLER
Sabit Uzunlukta Kontrol Alanı 170203b tu 000 0
020 ## - ULUSLARARASI STANDART KİTAP NUMARASI
Uluslararası Standart Kitap Numarası 9759582104
035 ## - SİSTEM KONTROL NUMARASI
Sistem Kontrol Numarası 15247
040 ## - KATALOGLAMA KAYNAK
Orijinal Kataloglama Ajansı Milas
Kataloglama Dili tur
Metne Dönüştürmek Ajansı TR-AnCHP
041 ## - DİL KODU
Metin / Ses Parça Veya Ayrı Başlığın Dil Kodu tur
082 ## - DEWEY ONLU SINIFLANDIRMA NUMARASI
Sınıflandırma Numarası CHP 324.2372
Ürün Numarası E62c 1994
090 ## - SINIFLAMA NUMARASI
Sınıflama Numarası CHP 324.2372 E62c 1994
100 ## - ANA GİRİŞ - KİŞİSEL İSİM
Kişisel Ad Erdem, Tarhan
245 ## - BAŞLIK TABLOSU
Başlık CHP üye kayıtlarının merkezde toplanma projesi 1978
Sorumluluk Tablosu, Vb Tarhan Erdem, Necdet Uyguner
260 ## - YAYIN, DAĞITIM, VB
Yayın, Dağıtım, Vb Yeri İstanbul
Yayıncı, Dağıtıcı, Vs Adı Ünal Ofset
Yayın, Dağıtım, Vb Tarihi 1994
300 ## - FİZİKSEL TANIM
Kapsam 240 s.
Diğer Fiziksel Ayrıntıları res.; tbl.
Boyutlar 23 sm.
500 ## - GENEL NOT
Genel Not Yapıt yazarından imzalıdır.
505 ## - BİÇİMLENDİRİLDİ İÇİNDEKİLER NOT
Biçimlendirilmiş İçeriği Dikkat İlk girişimler (yasa ve tüzük, ilk üye yazım merkezileştirme girişimleri) - ÜYB'nin kurulması - Yazımların yenilenmesi - PGK'nın kurulması
610 ## - KONU KATMA GİRİŞ - TOPLANTI ADI
Giriş Elemanı Olarak Kurumsal Ad Veya Yargı Alanı Adı Cumhuriyet Halk Partisi (CHP)
Alt Birim Parti genel Kütüğü (PGK)
Kronolojik Alt Bölüm Tarih
610 ## - KONU KATMA GİRİŞ - TOPLANTI ADI
Giriş Elemanı Olarak Kurumsal Ad Veya Yargı Alanı Adı Cumhuriyet Halk Partisi (CHP)
Alt Birim Üye yazım Bürosu (ÜYB)
Genel Alt Bölüm Tarih
610 ## - KONU KATMA GİRİŞ - TOPLANTI ADI
Giriş Elemanı Olarak Kurumsal Ad Veya Yargı Alanı Adı Cumhuriyet Halk Partisi (CHP)
Genel Alt Bölüm Hukuk ve mevzuat
Kronolojik Alt Bölüm Parti üyeliği
651 ## - KONU KATMA GİRİŞ - COĞRAFİ ADI
Coğrafi İsim Türkiye
Genel Alt Bölümü Siyaset ve yönetim
Kronolojik Alt Bölümü 1960-1980
700 ## - KATMA GİRİŞ - KİŞİSEL İSİM
Kişisel Ad Uyguner, Necdet
942 ## - EKLENDİ GİRİŞ ELEMANLARI (KOHA)
Sınıflandırma Veya Raf Düzeni Kaynak
Koha Öğesi Türü Books
999 ## - SİSTEM KONTROL NUMARALARI (KOHA)
Koha Biblionumber 383
Koha Biblioitemnumber 383
657 ## - INDEX SÜRE - İŞLEVİ
-- CHP üye yazım
Holdings
Kullanım Kısıtlamaları Kalıcı Konum Mevcut Konum Edinme Tarihi Edinim Kaynak Kodlu Konum Eleme Toplam Check-Out'Lar Tam Çağrı Numarası Barkod Tarih Son Görülme İtibaren Geçerli Fiyatlar Koha Öğesi Türü
Kütüphane dışına çıkarılamaz CHP Kütüphanesi CHP Kütüphanesi 02/03/2017 Bağış CHP   CHP 324.2372 E62c 1994 013372 02/03/2017 02/03/2017 Books